THE YEAR BOOK OF MEDICINE: YEAR BOOK SERIES (Record no. 1140927)

MARC details
000 -LEADER
fixed length control field 00320nam a2200121Ia 4500
008 - FIXED-LENGTH DATA ELEMENTS--GENERAL INFORMATION
fixed length control field 240112s1956-57 xx 000 0 und d
041 ## - LANGUAGE CODE
Language code of text/sound track or separate title eng
082 ## - DEWEY DECIMAL CLASSIFICATION NUMBER
Classification number 616.05
100 ## - MAIN ENTRY--PERSONAL NAME
Personal name BEESON P.S.
245 ## - TITLE STATEMENT
Title THE YEAR BOOK OF MEDICINE: YEAR BOOK SERIES
260 ## - PUBLICATION, DISTRIBUTION, ETC.
Name of publisher, distributor, etc. THE YEAR BOOK PUB CHICAGO
Date of publication, distribution, etc. 1956-57
300 ## - PHYSICAL DESCRIPTION
Extent 744,HB
Holdings
Withdrawn status Lost status Damaged status Not for loan Collection Home library Current library Date acquired Source of acquisition Cost, normal purchase price Total Checkouts Full call number Barcode Date last seen Price effective from Koha item type
          Medical College & Hospital, Sangli Medical College & Hospital, Sangli 16/01/2024 RESEACRCH CO. 720.00   616.05 MCS-BV-149 16/01/2024 16/01/2024 Bound Journals